Leaders of Chad by Picture - Statistics

General Stats
  • This quiz has been taken 11 times
  • The average score is 6 of 7
Answer Stats
Picture Hint Answer % Correct
1979 Lol Mahamat Choua
100%
1960-1975 François Tombalbaye
89%
1982-1990 Hissène Habré
89%
1990-2021 Idriss Déby
89%
2021-Present Mahamat Déby
89%
1975-1979 Félix Malloum
78%
1979 | 1979-1982 Goukouni Oueddei
78%
No matching quizzes found
Score Distribution
Percent of People with Each Score
Percentile by Number Answered
Your Score History
You have not taken this quiz